| Поле | Инд. | ПП | Название | Значение |
|---|---|---|---|---|
| Тип записи | a | |||
| Библиографический уровень | a | |||
| 001 | Контрольный номер | RU/IS/BASE/264552132 | ||
| 005 | Дата корректировки | 20240305094217.6 | ||
| 008 | Кодируемые данные | 19981104 | ||
| 040 | 00 | e | Правила каталог. | Т 981104 |
| 084 | a | Индекс другой классификации/Индекс ББК | 63.3(0)324 | |
| 090 | 00 | a | Полочн. индекс | 63.3(0)3я43 |
| x | Авторский знак | В 387 | ||
| 097 | 00 | a | 230 | |
| 100 | 10 | a | Автор | Манандян Я. А. |
| 245 | 00 | a | Заглавие | Круговой путь Помпея в Закавказье |
| 600 | 14 | a | Персоналии | Помпей Великий Гней Магна |
| 650 | 04 | a | Основная рубрика | история |
| 653 | 00 | a | Ключевые слова | Армения |
| a | Ключевые слова | военные кампании | ||
| a | Ключевые слова | древний мир | ||
| a | Ключевые слова | Древний Рим | ||
| a | Ключевые слова | Закавказье | ||
| a | Ключевые слова | Иберия | ||
| a | Ключевые слова | исторические источники | ||
| a | Ключевые слова | Колхида | ||
| a | Ключевые слова | Понт | ||
| a | Ключевые слова | Таблицы Певтингера | ||
| a | Ключевые слова | топографические данные | ||
| 773 | 00 | d | Дата издания источника | Москва, 1939 |
| g | Прочая информация | Т.3(8), 4(9). - С. 70-82 | ||
| t | Заглавие источника | Вестник древней истории | ||
| w | Контрольный № источника | RU/IS/BASE/101818640 | ||
| 901 | t | Тип документа | a |